000 00673nam a2200205Ia 4500
003 IN-BaIIA
008 211028s9999 xx 000 0 eng d
020 _a3-540-06504-0
040 _cIIA Library
080 _a52-77:524.7
_bGAL
245 0 _aGalactic and extra-galactic radio astronomy
_cedited by Gerrit L. Verschuur and Kenneth I. Kellermann
260 _aBerlin
_bSpringer-Verlag
_c1974
300 _aix, 402p.
650 _a Extragalactic radio sources
_98394
650 _a Radio astronomy 
650 _aAstronomy and astrophysics thesaurus 
_91143
700 _aKellermann, Kenneth I., ed.
_98395
700 _aVerschuur, Gerrit L., ed.
_98396
942 _cBK
999 _c4728
_d4728